[Event "WTCC-50 2018"]
[Site "Radebeul"]
[Date "2018.07.12"]
[Round "6"]
[White "Shabalov, Alexander"]
[Black "Schlosser, Philipp"]
[Result "1-0"]
[WhiteElo "2567"]
[BlackElo "2501"]
[Annotator "TA"]
[PlyCount "77"]
[EventDate "2018.07.07"]
[EventType "team-tourn"]
[EventCountry "GER"]
[SourceTitle "playchess.com"]
[Source "ChessBase"]
[SourceQuality "1"]

{[%evp 29,77,41,34,21,20,3,28,5,36,11,39,46,47,55,55,43,53,52,62,58,91,96,165,38,52,7,81,69,69,69,102,79,72,68,106,91,249,239,229,226,29993,29994,29994,290,29990,29991,29991,29992,29992,500]} 1. e4 e5 2. Nf3 Nc6 3. Nc3 Nf6 4. Bb5 Bb4 5. d3 d6 6. O-O O-O 7. Ne2 Ne7 8. c3 Ba5 9. Ng3 c6 10. Ba4 Ng6 11. Re1 Re8 12. h3 h6 13. d4 Bc7 14. Bc2 Be6 15. Be3 {C49: Vierspringerspiel (Symmetrische Variante)} Qe7 {[#] LiveBook: 3 Partien} (15... d5 16. Nxe5 Nxe5 17. dxe5 Nxe4 18. Nxe4 dxe4 19. Bd4 Bd5 20. Bxe4 c5 21. Bxc5 Rxe5 22. Bxd5 Rxd5 {1-0 (37) Wei,Y (2706)-Melkumyan,H (2676) Tsaghkadzor 2015 CBM 166 [Szabo,Kr]}) 16. Qd3 $146 ({Vorgänger:} 16. b3 Qf8 17. Qb1 d5 18. exd5 Bxd5 19. Bxg6 Bxf3 20. Bc2 Bd5 21. c4 exd4 22. Bxd4 Rxe1+ 23. Qxe1 {½-½ (60) Sengupta,D (2594)-Shyam,N (2420) Nagpur 2015}) 16... Rad8 17. Qf1 {Die Stellung ist ausgeglichen.} Qf8 18. b4 a6 19. a4 Kh8 20. c4 exd4 21. Nxd4 Ne5 22. Nxe6 fxe6 23. Rab1 d5 24. Bc5 Qg8 25. cxd5 exd5 (25... cxd5 $16 26. exd5 exd5) 26. exd5 ({Weiss braucht} 26. f4 $18) 26... Qxd5 27. Nf5 {zielt auf Le7 ab.} Qc4 (27... Qd2 $1 $11 28. Ne3 b6) 28. Qxc4 $16 Nxc4 29. Be7 $36 {[%mdl 2048] Schwarz steht unter Druck.} Ra8 30. Bxf6 gxf6 31. Rbd1 (31. Nxh6 Na3 $11) 31... a5 32. bxa5 ({Bitte nicht} 32. Nxh6 $6 axb4 33. Ng4 f5 $11) 32... Nxa5 $2 (32... Bxa5 $16 33. Rxe8+ Rxe8) 33. g3 $18 ({Bloß nicht} 33. Nxh6 $6 Nc4) 33... Bb6 34. Nxh6 {[#] Weiss will mit Td7! Matt setzen.} Kg7 $2 (34... Rxe1+ $18 35. Rxe1 Bc5) 35. Rd7+ Kxh6 36. Rb1 $2 (36. Rh7+ {setzt Matt} Kg5 37. h4+ Kg4 {[#]} 38. Kg2 $1 {[%mdl 512]} Re4 39. Rxe4+ Kf5 40. g4+ Kg6 41. Re6#) 36... Re2 $2 (36... f5 $18) 37. Rh7+ {Weiß setzt Matt.} Kg5 38. h4+ Kg4 39. Bd1 {Precision: Weiß = 44%, Schwarz = 21%.} (39. Rb4+ $142 Nc4 40. Rxc4+ Re4 41. Bxe4 Rxa4 42. Rxa4 Bxf2+ 43. Kxf2 b6 44. Rg7+ Kh3 45. Kg1 c5 46. Bg2#) 1-0

[Event "WTCC-50 2018"]
[Site "Radebeul"]
[Date "2018.07.12"]
[Round "6"]
[White "Graf, Alexander"]
[Black "Fritsche, Lutz"]
[Result "1-0"]
[WhiteElo "2561"]
[BlackElo "2303"]
[Annotator "TA"]
[PlyCount "49"]
[EventDate "2018.07.07"]
[EventType "team-tourn"]
[EventCountry "GER"]
[SourceTitle "playchess.com"]
[Source "ChessBase"]
[SourceQuality "1"]

{[%evp 19,49,16,22,17,10,13,68,67,53,52,250,269,254,257,247,216,244,245,260,-53,250,231,544,215,235,165,243,241,503,502,481,501]} 1. d4 g6 2. e4 Bg7 3. Nf3 d6 4. Bc4 Nf6 5. Qe2 O-O 6. O-O Bg4 7. e5 dxe5 {B06: Modern Defence} 8. dxe5 Nd5 9. Nbd2 Nb6 10. h3 Nxc4 {LiveBook: 4 Games} 11. Qxc4 $146 ({Predecessor:} 11. hxg4 Nxd2 12. Bxd2 Nc6 13. Bc3 e6 14. g5 a6 15. Rad1 Qe7 16. Qe4 {½-½ (51) Smith,A (2491)-Hillarp Persson,T (2546) Ronneby 2018}) 11... Be6 12. Qh4 Qd5 (12... h5 $11) 13. Ne4 $14 {Threatens to win with Bh6.} Nc6 14. Bh6 $1 {[%cal Rh6g7]} Nxe5 $2 (14... Bxh6 $14 15. Rfd1 (15. Qxh6 f6 $14) 15... Qc4 16. Qxh6 f6 17. exf6 exf6) 15. Nfg5 $18 f6 16. Bxg7 $1 $40 {[%csl Gg5][%cal Rh4h7][%mdl 128] White is out for blood.} fxg5 17. Nxg5 {[%csl Gg5][%cal Rh4h7]} Kxg7 18. Rad1 Qc6 (18... Qxa2 19. Qxh7+ Kf6 20. Ne4+ Kf5 21. Qxe7 Kxe4 22. Qg5 Qa5 23. f3+ Rxf3 24. Rfe1+ Qxe1+ 25. Rxe1+ Kd5 26. Qxe5+ Kc6 27. Qxe6+) 19. Qxh7+ Kf6 {[#]} 20. Qh4 $1 {Rfe1 is the strong threat.} Qxc2 $2 (20... Rh8 21. Qf4+ Bf5) 21. Nf3+ $2 (21. Rfe1 Bxa2 22. Rd4) 21... Kg7 22. Nxe5 Qc5 {[#]} (22... Rae8 $142 23. Rfe1 Rf6) 23. Rfe1 $1 {And now b4 would win.} Rad8 $2 (23... Rf6 {was worth a try.} 24. b4 Qc3) 24. Rxd8 Rxd8 25. Qg5 {Precision: White = 84%, Black = 42%.} 1-0

[Event "WTCC-50 2018"]
[Site "Radebeul"]
[Date "2018.07.12"]
[Round "6"]
[White "Boensch, Uwe"]
[Black "Benjamin, Joel"]
[Result "0-1"]
[WhiteElo "2560"]
[BlackElo "2544"]
[Annotator "TA"]
[PlyCount "94"]
[EventDate "2018.07.07"]
[EventType "team-tourn"]
[EventCountry "GER"]
[SourceTitle "playchess.com"]
[Source "ChessBase"]
[SourceQuality "1"]

{[%evp 18,94,1,2,39,22,42,20,12,14,14,11,21,3,25,0,37,0,0,0,0,0,0,0,0,-27,-23,-27,-22,-26,-16,-8,-8,-7,-9,-5,0,0,0,0,0,-12,-8,-5,-10,-23,-17,-34,0,-27,-26,-26,-24,-225,-212,-346,-324,-440,-429,-802,-793,-966,-802,-787,-714,-698,-697,-642,-662,-652,-647,-787,-782,-635,-210,-369,-349,-395,-371]} 1. d4 Nf6 2. c4 e6 3. Nf3 b6 4. g3 Ba6 5. Nbd2 Bb7 6. Bg2 Be7 7. O-O O-O 8. Re1 d5 9. cxd5 {E16: Queen's Indian: 4 g3 Bb7 5 Bg2 Bb4+} exd5 10. Ne5 {LiveBook: 7 Games} (10. Nb1 Nbd7 11. Nc3 c5 12. Bf4 Ne4 13. Rc1 Rc8 14. Bh3 Nxc3 15. bxc3 Ra8 16. Bg2 Re8 {½-½ (42) Ding,L (2730)-Leko,P (2731) Moscow 2014}) 10... c5 11. dxc5 {White is slightly better.} bxc5 12. b3 Bd6 $146 ({Predecessor:} 12... Qb6 13. Bb2 Na6 14. Rc1 Rad8 15. Qc2 Nc7 16. Rcd1 Ne6 17. Qb1 {1-0 (69) Kursova,M (2315)-Pavlidou,E (2176) Mardin 2011}) 13. Bb2 Re8 14. Nd3 Nbd7 15. Rc1 Qb6 16. e3 a5 17. Nf4 Bxf4 18. gxf4 a4 19. Qc2 axb3 20. axb3 Rab8 21. Be5 Nxe5 22. fxe5 Nd7 23. f4 {[%cal Bf2f4,Bf4f5][%mdl 32]} f6 24. Qd3 fxe5 {Threatens to win with ...Nf6.} 25. Bxd5+ Bxd5 26. Qxd5+ Qe6 27. Qxe6+ Rxe6 28. f5 Rf6 29. e4 Rd6 $36 {[%mdl 2048] Black is pushing.} 30. Re2 Rd3 31. Ra1 h5 32. h4 Nf6 33. Ra5 Rbd8 34. Nc4 Ng4 35. Kg2 $2 (35. Rxc5 $11 Rxb3 36. Nxe5) 35... Rxb3 $19 36. Rxc5 (36. Ra3 {was the only chance.} Rxa3 37. Nxa3) 36... Rc3 37. Rc6 {Threatening Nxe5!} Rdd3 {[#] ...Rg3+ is the strong threat.} 38. Rc8+ (38. Nxe5 $142 Rg3+ 39. Kf1 Nxe5 40. Rxc3 Rxc3 41. Ra2) 38... Kh7 39. Nb6 Rg3+ 40. Kf1 Rcf3+ 41. Ke1 Rd3 {[%cal Rg3g1] [#]} 42. Rec2 Rge3+ 43. Re2 Rh3 {[%cal Rh3h1]} 44. Rg2 Rh1+ 45. Ke2 Re3+ 46. Kd2 Rxe4 47. Rc4 Rf4 {Precision: White = 41%, Black = 56%.} 0-1

[Event "WTCC-50 2018"]
[Site "Radebeul"]
[Date "2018.07.12"]
[Round "6"]
[White "Ehlvest, Jaan"]
[Black "Bischoff, Klaus"]
[Result "1-0"]
[WhiteElo "2536"]
[BlackElo "2510"]
[Annotator "TA"]
[PlyCount "83"]
[EventDate "2018.07.07"]
[EventType "team-tourn"]
[EventCountry "GER"]
[SourceTitle "playchess.com"]
[Source "ChessBase"]
[SourceQuality "1"]

{[%evp 24,83,21,19,30,18,31,27,24,18,49,74,65,47,64,66,68,11,115,112,161,133,132,135,127,128,128,130,134,134,198,194,192,193,198,196,194,183,179,157,164,160,156,157,202,202,321,317,290,289,302,247,243,235,413,409,369,357,547,547,547,547]} 1. Nf3 Nf6 2. c4 b6 3. g3 c5 4. Bg2 Bb7 5. O-O e6 6. Nc3 Be7 7. Re1 d5 8. cxd5 Nxd5 9. e4 Nxc3 10. bxc3 O-O 11. d4 cxd4 12. cxd4 Nd7 13. Bb2 {LiveBook: 15 Games} Re8 {A30: Symmetrical English: Double Fianchetto and Hedgehog} (13... Rc8 14. Qb3 Re8 15. Rad1 Bf8 16. Bf1 a6 17. a4 Qe7 18. Re3 Qb4 19. Nd2 Rc7 20. Ba3 Qxb3 21. Rxb3 Bxa3 22. Rxa3 {½-½ (22) Nepomniachtchi,I (2705)-Zhao,J (2621) Baku 2015}) 14. d5 Nc5 {[%cal Re6d5]} 15. Ne5 Bf8 $146 {White has an edge.} ({Predecessor:} 15... Rc8 16. Bh3 Rc7 17. Qh5 Bd6 18. Rad1 exd5 19. Bf5 h6 20. exd5 Bxe5 21. Rxe5 {½-½ (39) Antonone,R (2268)-Secchi,D (2279) ICCF email 2011}) 16. Qh5 Qf6 17. Rad1 exd5 18. exd5 g6 19. Qh3 Rad8 20. Ba1 (20. Re3 $14) 20... Qf5 (20... Qg5 $1 $11) 21. Ng4 $40 {[%mdl 128] White wants a kill.} Bc8 22. Nf6+ Qxf6 23. Bxf6 Bxh3 24. Bxd8 ({Inferior is} 24. Bxh3 Rxe1+ 25. Rxe1 Rd6 $11) 24... Rxd8 25. Bxh3 Nb7 26. Bf1 Bc5 {[#]} (26... Bb4 $16) 27. Ba6 $1 $18 {[%cal Ra6b7]} Nd6 28. Re7 b5 29. Rc7 Bb6 30. Rc6 Ne4 31. Rc2 ({But not} 31. Bxb5 $6 Nxf2 32. Rb1 Ng4+ 33. Kh1 Rxd5 $16) 31... b4 32. Kg2 Nc3 33. Rd3 Rd6 {[#]} 34. a3 $1 Bc5 (34... Rxd5 {might work better.} 35. Rxd5 Nxd5) (34... bxa3 35. Rcxc3) 35. axb4 Bxb4 36. Bb7 ({Not} 36. Rcxc3 Bxc3 37. Rxc3 Rxa6 $14) 36... Nb5 37. Rc4 a5 38. Bc6 Na7 $2 (38... Nc7 39. g4 Kf8) 39. Ba4 Rd8 40. d6 {[%cal Bd5d6,Bd6d7][%mdl 32]} Nc8 {[#]} (40... Bxd6 $142 41. Rcd4 Nc8) 41. Rxc8 $1 {[%mdl 512]} Rxc8 42. d7 {Precision: White = 80%, Black = 56%.} 1-0

[Event "WTCC-50 2018"]
[Site "Radebeul"]
[Date "2018.07.12"]
[Round "6"]
[White "Emms, John M"]
[Black "Brueggemann, Joachim"]
[Result "1/2-1/2"]
[WhiteElo "2488"]
[BlackElo "2293"]
[Annotator "TA"]
[PlyCount "83"]
[EventDate "2018.07.07"]
[EventType "team-tourn"]
[EventCountry "GER"]
[SourceTitle "playchess.com"]
[Source "ChessBase"]
[SourceQuality "1"]

{[%evp 24,83,47,56,65,55,57,47,69,75,71,20,57,48,99,89,95,94,94,93,86,83,97,58,54,62,56,33,31,24,30,31,30,30,30,31,30,11,12,8,28,29,46,50,55,31,51,44,50,19,19,19,19,13,18,19,19,8,19,26,39,0]} 1. Nf3 Nf6 2. c4 e6 3. g3 d5 4. Bg2 Be7 5. O-O O-O 6. d4 c5 7. cxd5 exd5 8. dxc5 Bxc5 9. Nc3 Nc6 10. a3 a6 11. b4 {D34: Tarrasch Defence: 6 g3 Nf6 7 Bg2 Be7} Be7 12. Bb2 Bg4 13. Rc1 {LiveBook: 3 Games} Rc8 14. h3 Be6 15. e3 Qd6 $146 ({Predecessor:} 15... Ne4 16. Rc2 Nxc3 17. Bxc3 Bf6 18. Qa1 Bxc3 19. Rxc3 {½-½ (41) Khismatullin,D (2656)-Mindlin,A (2286) Rhodes 2013}) 16. Ne2 Nd7 17. Ned4 (17. Nf4 $16) 17... Rfd8 18. Qb3 (18. Nxe6 {with more complications.} Qxe6 19. Nd4 Nxd4 20. Rxc8 Rxc8 21. Bxd4 g6 22. Qb3) 18... Nde5 (18... Nxd4 $14 19. Bxd4 (19. Nxd4 Bf6 $14) 19... Bf5) 19. Nxe6 fxe6 20. Nxe5 Nxe5 21. Rxc8 Rxc8 22. e4 Nc4 23. Rd1 Nxb2 24. Qxb2 {[%cal Re4d5]} Bf6 25. Qe2 {[%cal Re4d5]} d4 26. e5 Bxe5 27. Bxb7 Rc3 28. Qxa6 Qxa6 29. Bxa6 Rxa3 $11 {[%mdl 4096] Endgame KRB-KRB} 30. Bc4 Kf7 31. b5 Rc3 32. Bd3 Rb3 33. Kg2 h6 34. h4 Kf6 35. Kf3 Rb2 36. Rb1 (36. Rf1 {feels hotter.} Ke7 37. Ke4 Bc7 38. Rc1 Bd6 39. f4) 36... Rxb1 37. Bxb1 {KB-KB} Bc7 38. Ke4 Bb6 39. f4 h5 40. Bc2 g6 41. Bd1 Ba7 42. Bc2 {Precision: White = 61%, Black = 49%.} 1/2-1/2

[Event "WTCC-50 2018"]
[Site "Radebeul"]
[Date "2018.07.12"]
[Round "6"]
[White "Volke, Karsten"]
[Black "Yermolinsky, Alex"]
[Result "1/2-1/2"]
[WhiteElo "2474"]
[BlackElo "2505"]
[Annotator "TA"]
[PlyCount "80"]
[EventDate "2018.07.07"]
[EventType "team-tourn"]
[EventCountry "GER"]
[SourceTitle "playchess.com"]
[Source "ChessBase"]
[SourceQuality "1"]

{[%evp 32,80,22,0,30,39,42,47,137,66,77,33,57,43,35,31,37,39,32,0,0,0,0,0,0,0,0,-6,-6,-5,-6,-6,0,0,0,0,0,-7,0,-30,6,6,5,-10,-7,-26,0,-10,-10,-10,-10]} 1. d4 {Ftacnik,L} Nf6 2. c4 e6 3. Nc3 Bb4 4. e3 O-O 5. Bd3 d5 6. Nge2 c5 7. cxd5 cxd4 8. exd4 Nxd5 9. O-O Nc6 10. a3 Bd6 11. Ne4 Be7 12. Bc2 b6 13. Qd3 g6 14. Bh6 Re8 15. Rad1 Bb7 16. Rfe1 Rc8 {E48: Nimzo-Indian: Rubinstein: 5 Bd3 d5 including 6 Ne2, but excluding 6 a3} 17. Bb3 {[#] LiveBook: 4 Games} Nb8 $146 ({Predecessor:} 17... a6 18. N2g3 Nb8 19. Qf3 Rc7 20. Nh5 Nd7 21. h4 N7f6 22. Nhxf6+ Nxf6 23. d5 Nxe4 24. dxe6 f5 25. Rxd8 Rxd8 26. Rd1 {1-0 (26) Kamsky,G (2695)-Short,N (2665) Linares 1994 CBM 043 [Ftacnik,L]}) 18. N2c3 Nxc3 {White is slightly better.} 19. Nxc3 {Threatens to win with d5.} Bd6 ({Better is} 19... Bg5 $14 20. Qh3 Bxh6 21. Qxh6 Qd6) 20. Ne4 (20. d5 $16 Qh4 21. g3) 20... Bxe4 21. Qxe4 Nd7 22. g3 Bf8 23. Bf4 Nf6 24. Qf3 Bg7 25. Be5 (25. Bg5 {is more complex.} h6 26. d5 e5 27. Bxf6 Qxf6 28. Qxf6 Bxf6 29. d6) 25... Nd5 26. Bxg7 (26. Re2 {feels hotter.} Qd7 27. Bxg7 Kxg7 28. Bxd5 exd5 29. Rde1) 26... Kxg7 27. Bxd5 Qxd5 28. Qxd5 exd5 29. Rxe8 Rxe8 $11 {[%mdl 4096] Endgame KR-KR} 30. Kf1 Rc8 31. Ke2 h5 {[%cal Bh7h5,Bh5h4][%mdl 32]} 32. Kd3 h4 33. Re1 h3 34. f3 Rc7 35. b3 f6 36. Kd2 Kf7 37. Kd3 b5 38. Kd2 a5 39. Rc1 Rxc1 40. Kxc1 Ke6 {Precision: White = 39%, Black = 58%.} 1/2-1/2

[Event "WTCC-50 2018"]
[Site "Radebeul"]
[Date "2018.07.12"]
[Round "6"]
[White "Levin, Felix"]
[Black "Wolf, Volker"]
[Result "1-0"]
[WhiteElo "2468"]
[BlackElo "2323"]
[Annotator "RC"]
[PlyCount "109"]
[EventDate "2018.07.07"]
[EventType "team-tourn"]
[EventCountry "GER"]
[SourceTitle "playchess.com"]
[Source "ChessBase"]
[SourceQuality "1"]
[TimeControl "40/5400+30:1800+30"]

1. Nf3 {[%emt 0:00:00]} g6 {[%emt 0:00:00]} 2. d4 {[%emt 0:00:00]} Bg7 {[%emt 0:00:07]} 3. g3 {[%emt 0:00:19]} b6 {[%emt 0:06:51]} 4. Bg2 {[%emt 0:01:53]} Bb7 {[%emt 0:00:28]} 5. c4 {[%emt 0:01:04]} e6 {[%emt 0:00:59]} 6. Nc3 {[%emt 0:00:44]} Ne7 {[%emt 0:00:54]} 7. O-O {[%emt 0:18:58]} O-O {[%emt 0:01:15]} 8. Bf4 {[%emt 0:07:03]} h6 {[%emt 0:02:04]} 9. h4 {[%emt 0:03:21]} d5 {[%emt 0:02:49]} 10. cxd5 {[%emt 0:00:24]} Nxd5 {[%emt 0:01:03]} 11. Nxd5 {[%emt 0:00:13]} Bxd5 {[%emt 0:09:25]} 12. Qc1 {[%emt 0:01:24]} Kh7 {[%emt 0:11:35]} 13. Bxc7 {[%emt 0:01:03]} Qe7 {[%emt 0:00:54]} 14. Be5 {[%emt 0:10:07]} Nd7 {[%emt 0:05:50]} 15. Bxg7 {[%emt 0:00:37]} Kxg7 {[%emt 0:00:02]} 16. Qf4 {[%emt 0:02:18]} Rac8 {[%emt 0:03:08]} 17. Rfc1 {[%emt 0:04:37]} Bxf3 {[%emt 0:12:49]} 18. Bxf3 {[%emt 0:07:32]} e5 {[%emt 0:00:52]} 19. dxe5 {[%emt 0:04:04]} Qxe5 {[%emt 0:04:16]} 20. Qxe5+ {[%emt 0:06:41]} Nxe5 {[%emt 0:00:14]} 21. Bb7 {[%emt 0:00:11]} Rcd8 {[%emt 0:02:16]} 22. Rd1 {[%emt 0:04:58]} f5 {[%emt 0:00:55]} 23. Rac1 {[%emt 0:02:10]} Rxd1+ {[%emt 0:06:29]} 24. Rxd1 {[%emt 0:00:01]} Rf7 {[%emt 0:00:16]} 25. Ba6 {[%emt 0:03:03]} Rc7 {[%emt 0:05:04]} 26. Rd2 {[%emt 0:00:31]} Nd7 {[%emt 0:03:23]} 27. Bd3 {[%emt 0:03:52]} Nc5 {[%emt 0:05:25]} 28. Bc2 {[%emt 0:00:23]} h5 {[%emt 0:01:31]} 29. b4 {[%emt 0:03:10]} Nd7 {[%emt 0:00:37]} 30. Bb3 {[%emt 0:00:27]} Nf6 {[%emt 0:00:36]} 31. f3 {[%emt 0:00:17]} Re7 {[%emt 0:02:32]} 32. Kf2 {[%emt 0:00:09]} Nd7 {[%emt 0:01:30]} 33. Rd6 {[%emt 0:00:59]} Nf6 {[%emt 0:01:17]} 34. Ke1 {[%emt 0:03:13]} Ne8 {[%emt 0:01:46]} 35. Rd8 {[%emt 0:02:06]} Nf6 {[%emt 0:00:08]} 36. Kd2 {[%emt 0:00:42]} Ne8 {[%emt 0:03:42]} 37. Bc2 {[%emt 0:01:43]} Nc7 {[%emt 0:01:42]} 38. Bd3 {[%emt 0:00:46]} Ne8 {[%emt 0:02:20]} 39. a4 {[%emt 0:01:29]} Nc7 {[%emt 0:00:38]} 40. Rd6 {[%emt 0:00:57]} Ne8 {[%emt 0:00:20]} 41. Rd8 {[%emt 0:33:04]} Nf6 {[%emt 0:31:03]} 42. a5 {[%emt 0:00:32]} bxa5 {[%emt 0:00:00]} 43. bxa5 {[%emt 0:00:00]} Rc7 {[%emt 0:00:00]} 44. Rd6 {[%emt 0:00:00]} Rc5 {[%emt 0:00:00]} 45. a6 {[%emt 0:00:00]} Re5 {[%emt 0:00:00]} 46. Rd8 {[%emt 0:00:00]} Re7 {[%emt 0:00:00]} 47. Rb8 {[%emt 0:00:00]} Ne8 {[%emt 0:00:00]} 48. Rb7 {[%emt 0:00:00]} Kf6 {[%emt 0:00:00]} 49. Kc3 {[%emt 0:00:00]} Nc7 {[%emt 0:00:00]} 50. Kd4 {[%emt 0:00:00]} Ne6+ {[%emt 0:00:00]} 51. Kd5 {[%emt 0:00:00]} Nd8 {[%emt 0:00:00]} 52. Rxe7 {[%emt 0:00:00]} Kxe7 {[%emt 0:00:00]} 53. e4 {[%emt 0:00:00]} fxe4 {[%emt 0:00:00]} 54. Bxe4 {[%emt 0:00:00]} Kf6 {[%emt 0:00:07]} 55. Kd6 {[%emt 0:00:00]} 1-0

[Event "WTCC-50 2018"]
[Site "Radebeul"]
[Date "2018.07.12"]
[Round "6"]
[White "Enders, Peter"]
[Black "Speelman, Jon S"]
[Result "1/2-1/2"]
[WhiteElo "2445"]
[BlackElo "2493"]
[Annotator "TA"]
[PlyCount "74"]
[EventDate "2018.07.07"]
[EventType "team-tourn"]
[EventCountry "GER"]
[SourceTitle "playchess.com"]
[Source "ChessBase"]
[SourceQuality "1"]

{[%evp 12,74,0,0,0,0,0,0,3,-18,0,-28,0,0,0,-20,-18,0,42,0,1,-2,0,0,0,0,29,19,18,17,25,23,37,30,25,14,21,34,45,32,38,32,36,32,29,37,47,40,40,51,51,50,43,45,25,34,63,0,0,0,0,0,0,0,0]} 1. b3 e5 2. Bb2 Nc6 3. e3 Nf6 4. Nf3 d6 5. d4 e4 6. Nfd2 d5 {A01: Nimzowitsch-Larsen Opening} 7. c4 {LiveBook: 3 Games} Ne7 8. Nc3 c6 9. Qc2 $146 ({Predecessor:} 9. Rc1 a6 10. Ba3 g6 11. Na4 b5 12. Nc5 Nf5 13. Be2 Bd6 14. Rc2 Nd7 15. cxd5 cxd5 16. O-O O-O 17. Re1 Nxc5 18. Bxc5 Be6 19. Qb1 Qg5 20. Bxd6 {½-½ (20) Spreemann,R (2460)-Wittal,W (2371) Remote email 2014}) 9... a6 10. h3 h5 11. g3 Nf5 12. O-O-O b5 13. Kb1 Be6 14. Be2 Nd6 {[%cal Rb5c4]} 15. Ka1 Rc8 16. c5 $36 {[%mdl 2048] White has the initiative.} Nf5 $1 17. g4 Nh4 $1 18. Rdg1 Qd7 19. g5 Ng8 20. f3 exf3 21. Nxf3 Nxf3 22. Bxf3 g6 23. e4 Bg7 24. exd5 cxd5 25. Ne2 Ne7 26. Nf4 Bf5 27. Qg2 {[%cal Rf4d5]} O-O 28. Rd1 {[%cal Rf4d5]} ({Much weaker is} 28. Bxd5 Rfd8 $15) 28... Rfd8 29. a3 {[%cal Ba2a3,Ba3a4][%mdl 32]} b4 {[#] Hoping for ...bxa3.} 30. a4 $1 ({But not} 30. axb4 Rb8 $17) 30... Be4 31. Bxe4 dxe4 32. Qxe4 Nf5 {aiming for ...Ng3.} 33. Rd3 Nxd4 34. Kb1 (34. Rhd1 $1 $14 Nxb3+ 35. Kb1) 34... Re8 $11 {The position is equal.} ({Not} 34... Rxc5 $2 35. Bxd4 Bxd4 36. Rhd1 $18) 35. Rxd4 Rxe4 36. Rxd7 Rxf4 37. Bxg7 Kxg7 {Precision: White = 62%, Black = 79%.} 1/2-1/2

[Event "WTCC-50 2018"]
[Site "Radebeul"]
[Date "2018.07.12"]
[Round "6"]
[White "Arkell, Keith C"]
[Black "Ruether, Rudolf"]
[Result "1-0"]
[WhiteElo "2406"]
[BlackElo "2118"]
[Annotator "NA"]
[PlyCount "71"]
[EventDate "2018.07.07"]
[EventType "team-tourn"]
[EventCountry "GER"]
[SourceTitle "playchess.com"]
[Source "ChessBase"]
[SourceQuality "1"]
[TimeControl "40/5400+30:1800+30"]

1. d4 {[%emt 0:00:34]} Nf6 {[%emt 0:00:00]} 2. Nf3 {[%emt 0:00:24]} g6 {[%emt 0:00:50]} 3. c4 {[%emt 0:00:07]} Bg7 {[%emt 0:00:10]} 4. g3 {[%emt 0:00:04]} O-O {[%emt 0:00:18]} 5. Bg2 {[%emt 0:00:03]} d6 {[%emt 0:00:35]} 6. O-O {[%emt 0:00:11]} Nbd7 {[%emt 0:01:31]} 7. d5 {[%emt 0:00:15]} a5 {[%emt 0:04:20]} 8. Nc3 {[%emt 0:00:09]} Nc5 {[%emt 0:00:49]} 9. Be3 {[%emt 0:01:54]} Nfe4 {[%emt 0:15:25]} 10. Nxe4 {[%emt 0:00:07]} Nxe4 {[%emt 0:00:06]} 11. Bd4 {[%emt 0:00:07]} Nf6 {[%emt 0:01:31]} 12. Bc3 {[%emt 0:01:46]} Bd7 {[%emt 0:03:07]} 13. h3 {[%emt 0:01:20]} c6 {[%emt 0:02:22]} 14. Nd4 {[%emt 0:01:48]} cxd5 {[%emt 0:05:41]} 15. cxd5 {[%emt 0:00:06]} Qb6 {[%emt 0:00:18]} 16. e4 {[%emt 0:01:19]} a4 {[%emt 0:01:58]} 17. a3 {[%emt 0:03:22]} Rac8 {[%emt 0:01:49]} 18. Qd2 {[%emt 0:03:16]} Rc4 {[%emt 0:04:04]} 19. Rad1 {[%emt 0:00:08]} Ne8 {[%emt 0:09:11]} 20. Rfe1 {[%emt 0:02:43]} Rc8 {[%emt 0:03:49]} 21. Kh2 {[%emt 0:05:19]} Nc7 {[%emt 0:02:46]} 22. f4 {[%emt 0:00:54]} Nb5 {[%emt 0:03:13]} 23. Nxb5 {[%emt 0:00:06]} Qxb5 {[%emt 0:01:13]} 24. e5 {[%emt 0:00:25]} Rfe8 {[%emt 0:04:28]} 25. Re4 {[%emt 0:03:32]} Qb6 {[%emt 0:07:47]} 26. Rb4 {[%emt 0:02:56]} Qc7 {[%emt 0:02:16]} 27. Qe3 {[%emt 0:01:45]} b5 {[%emt 0:02:03]} 28. e6 {[%emt 0:07:42]} fxe6 {[%emt 0:01:07]} 29. Bxg7 {[%emt 0:00:21]} Kxg7 {[%emt 0:01:14]} 30. dxe6 {[%emt 0:00:12]} Bc6 {[%emt 0:00:33]} 31. Rc1 {[%emt 0:02:03]} Qb7 {[%emt 0:08:34]} 32. Qc3+ {[%emt 0:00:12]} Kg8 {[%emt 0:00:08]} 33. Bxc6 {[%emt 0:00:07]} Qb6 {[%emt 0:00:36]} 34. Qf3 {[%emt 0:11:57]} Rc7 {[%emt 0:02:37]} 35. Rc3 {[%emt 0:00:07]} Rec8 {[%emt 0:00:45]} 36. Bxb5 {[%emt 0:02:12]} 1-0

[Event "WTCC-50 2018"]
[Site "Radebeul"]
[Date "2018.07.12"]
[Round "6"]
[White "Casper, Thomas"]
[Black "Hebden, Mark L"]
[Result "1/2-1/2"]
[WhiteElo "2354"]
[BlackElo "2423"]
[Annotator "NA"]
[PlyCount "70"]
[EventDate "2018.07.07"]
[EventType "team-tourn"]
[EventCountry "GER"]
[SourceTitle "playchess.com"]
[Source "ChessBase"]
[SourceQuality "1"]
[TimeControl "40/5400+30:1800+30"]

1. e4 {[%emt 0:00:13]} e5 {[%emt 0:00:00]} 2. Bc4 {[%emt 0:00:18]} Nf6 {[%emt 0:00:44]} 3. d3 {[%emt 0:00:12]} Nc6 {[%emt 0:00:17]} 4. Nc3 {[%emt 0:02:21]} Na5 {[%emt 0:01:34]} 5. Nge2 {[%emt 0:00:16]} Be7 {[%emt 0:01:29]} 6. O-O {[%emt 0:00:46]} O-O {[%emt 0:00:54]} 7. Ng3 {[%emt 0:06:30]} d6 {[%emt 0:01:01]} 8. Bb3 {[%emt 0:10:30]} Nxb3 {[%emt 0:00:56]} 9. axb3 {[%emt 0:00:08]} c6 {[%emt 0:01:52]} 10. d4 {[%emt 0:07:03]} b5 {[%emt 0:03:05]} 11. dxe5 {[%emt 0:08:45]} dxe5 {[%emt 0:00:28]} 12. Qxd8 {[%emt 0:00:07]} Rxd8 {[%emt 0:02:24]} 13. Be3 {[%emt 0:02:47]} a6 {[%emt 0:03:07]} 14. Rfd1 {[%emt 0:04:37]} Rxd1+ {[%emt 0:02:25]} 15. Rxd1 {[%emt 0:00:17]} Be6 {[%emt 0:03:04]} 16. f3 {[%emt 0:00:55]} g6 {[%emt 0:01:37]} 17. Ra1 {[%emt 0:09:07]} Nd7 {[%emt 0:03:52]} 18. Nge2 {[%emt 0:00:57]} Nc5 {[%emt 0:01:06]} 19. Nc1 {[%emt 0:11:18]} a5 {[%emt 0:14:12]} 20. Kf1 {[%emt 0:01:50]} f6 {[%emt 0:02:35]} 21. Ke2 {[%emt 0:02:54]} Kf7 {[%emt 0:03:50]} 22. Nd3 {[%emt 0:01:39]} Nxd3 {[%emt 0:00:45]} 23. Kxd3 {[%emt 0:00:07]} Ra6 {[%emt 0:12:10]} 24. Bd2 {[%emt 0:05:21]} Bc8 {[%emt 0:08:54]} 25. Nd1 {[%emt 0:04:06]} a4 {[%emt 0:12:09]} 26. bxa4 {[%emt 0:05:22]} bxa4 {[%emt 0:01:27]} 27. c4 {[%emt 0:00:29]} Be6 {[%emt 0:02:30]} 28. b3 {[%emt 0:03:15]} a3 {[%emt 0:02:17]} 29. Be3 {[%emt 0:00:49]} Bb4 {[%emt 0:01:05]} 30. Nc3 {[%emt 0:00:38]} Ra8 {[%emt 0:00:40]} 31. Na4 {[%emt 0:02:11]} f5 {[%emt 0:00:50]} 32. Kc2 {[%emt 0:03:25]} Rd8 {[%emt 0:03:25]} 33. Nc3 {[%emt 0:00:31]} h5 {[%emt 0:02:04]} 34. Bc1 {[%emt 0:00:58]} Bxc3 {[%emt 0:00:34]} 35. Kxc3 {[%emt 0:00:05]} fxe4 1/2-1/2